Influence of Ion Treatment Modes on the Physical and Mechanical Properties of Zirconia Ceramics; Inorganic Materials: Applied Research; Vol. 12, iss. 2

Dades bibliogràfiques
Parent link:Inorganic Materials: Applied Research
Vol. 12, iss. 2.— 2021.— [P. 262-270]
Autor principal: Gyngazov (Ghyngazov) S. A. Sergey Anatolievich
Autor corporatiu: Национальный исследовательский Томский политехнический университет Инженерная школа неразрушающего контроля и безопасности Отделение контроля и диагностики
Altres autors: Kostenko V. A. Valeria Alexandrovna, Khasenov A. K. Ayanbergen Kairbekovich
Sumari:Title screen
The article considers the influence of the treatment modes with N2+ and Ar+ ions beams on the physical and mechanical properties of zirconia ceramics. Surface modification of zirconia ceramics was performed using two modes of ion treatment—pulsed and continuous. The pulsed mode of treatment with N2+ ions was realized at an accelerating voltage of 250–300 kV, current density j=150–200 A/cm2, and energy density W = (3.5 and 5) ± 5% J/cm2. The continuous mode of treatment with Ar+ ions was realized at an accelerating voltage of 30 kV and an ion current density of 300 and 500 [mu]A/cm2. The fluence of the Ar+ ion beam varied from 1016 to 1018 cm–2. It is established that the pulsed mode of ion treatment leads to the melting and recrystallization of the surface of ceramics. It is shown that this treatment leads to a violation of the oxygen stoichiometry in ceramics and, as a result, there is an appearance of electrical conductivity in the near-surface layers; the layers of zirconia ceramics become conductive. It is established that the continuous mode of ion treatment does not lead to the melting and recrystallization of the ceramic surface but is accompanied by its slight etching. It is shown that, under the action of continuous ion treatment, the microhardness increases (by 14%). Hardening of the surface layers of ceramics is observed at a depth that exceeds the average projected range of Ar+ ion by 103 times.
Режим доступа: по договору с организацией-держателем ресурса
Idioma:anglès
Publicat: 2021
Matèries:
Accés en línia:https://doi.org/10.1134/S2075113321020179
Format: MixedMaterials Electrònic Capítol de llibre
KOHA link:https://koha.lib.tpu.ru/cgi-bin/koha/opac-detail.pl?biblionumber=666799

MARC

LEADER 00000naa0a2200000 4500
001 666799
005 20250224172957.0
035 |a (RuTPU)RU\TPU\network\38003 
035 |a RU\TPU\network\36374 
090 |a 666799 
100 |a 20220127d2021 k||y0rusy50 ba 
101 0 |a eng 
102 |a US 
135 |a drgn ---uucaa 
181 0 |a i  
182 0 |a b 
200 1 |a Influence of Ion Treatment Modes on the Physical and Mechanical Properties of Zirconia Ceramics  |f S. A. Gyngazov (Ghyngazov), V. A. Kostenko, A. K. Khasenov 
203 |a Text  |c electronic 
300 |a Title screen 
320 |a [References: 53 tit.] 
330 |a The article considers the influence of the treatment modes with N2+ and Ar+ ions beams on the physical and mechanical properties of zirconia ceramics. Surface modification of zirconia ceramics was performed using two modes of ion treatment—pulsed and continuous. The pulsed mode of treatment with N2+ ions was realized at an accelerating voltage of 250–300 kV, current density j=150–200 A/cm2, and energy density W = (3.5 and 5) ± 5% J/cm2. The continuous mode of treatment with Ar+ ions was realized at an accelerating voltage of 30 kV and an ion current density of 300 and 500 [mu]A/cm2. The fluence of the Ar+ ion beam varied from 1016 to 1018 cm–2. It is established that the pulsed mode of ion treatment leads to the melting and recrystallization of the surface of ceramics. It is shown that this treatment leads to a violation of the oxygen stoichiometry in ceramics and, as a result, there is an appearance of electrical conductivity in the near-surface layers; the layers of zirconia ceramics become conductive. It is established that the continuous mode of ion treatment does not lead to the melting and recrystallization of the ceramic surface but is accompanied by its slight etching. It is shown that, under the action of continuous ion treatment, the microhardness increases (by 14%). Hardening of the surface layers of ceramics is observed at a depth that exceeds the average projected range of Ar+ ion by 103 times. 
333 |a Режим доступа: по договору с организацией-держателем ресурса 
461 |t Inorganic Materials: Applied Research 
463 |t Vol. 12, iss. 2  |v [P. 262-270]  |d 2021 
610 1 |a электронный ресурс 
610 1 |a труды учёных ТПУ 
610 1 |a zirconia ceramics 
610 1 |a ion treatment 
610 1 |a microhardness 
610 1 |a electrical conductivity 
610 1 |a циркониевая керамика 
610 1 |a ионная обработка 
610 1 |a микротвердость 
610 1 |a электрическая проводимость 
610 1 |a физико-механические свойства 
700 1 |a Gyngazov (Ghyngazov)  |b S. A.  |c specialist in the field of electronics  |c Professor of Tomsk Polytechnic University, Doctor of technical sciences  |f 1958-  |g Sergey Anatolievich  |3 (RuTPU)RU\TPU\pers\33279  |9 17024 
701 1 |a Kostenko  |b V. A.  |c specialist in the field of electrical engineering  |c Junior Researcher of the Tomsk Polytechnic University  |f 1994-  |g Valeria Alexandrovna  |3 (RuTPU)RU\TPU\pers\42079  |9 21473 
701 1 |a Khasenov  |b A. K.  |g Ayanbergen Kairbekovich 
712 0 2 |a Национальный исследовательский Томский политехнический университет  |b Инженерная школа неразрушающего контроля и безопасности  |b Отделение контроля и диагностики  |3 (RuTPU)RU\TPU\col\23584 
801 2 |a RU  |b 63413507  |c 20220127  |g RCR 
856 4 |u https://doi.org/10.1134/S2075113321020179 
942 |c CF